L' Historie comparative des sciences modernes et le contexte de dépendance /

Kaydedildi:
Detaylı Bibliyografya
Yazar: Paty, Michel
Materyal Türü: Metin
Etiketler: Etiketle
Etiket eklenmemiş, İlk siz ekleyin!

MARC

LEADER 00000 a a2200000 04500
001 3888
003
040
100 |a Paty, Michel  
245 |a L' Historie comparative des sciences modernes et le contexte de dépendance /  |c Michel Paty 
773 |g volumen 8, número 24; páginas 11-48  
999 |c 28168  |d 28168